| 000 | 00748nam a2200229Ia 4500 | ||
|---|---|---|---|
| 003 | GCL | ||
| 008 | 140319s9999 xx 000 0 ara d | ||
| 040 |
_aGCL / _cGCL |
||
| 082 | 0 | 4 |
_a218 _bش ث |
| 100 | 1 | _aشاكر النابلسى | |
| 245 | 1 | 0 |
_aثورة التراث دراسة فى فكر خالد محمد خالد / _cشاكر النابلسى |
| 300 | _a639 ص | ||
| 490 | _a | ||
| 650 | 0 | 4 | _aالتراث |
| 650 | 0 | 4 | _aالاسلام والمجتمع |
| 650 | 0 | 4 | _aالثقافة |
| 650 | 0 | 4 | _aالاسلام والسياسة |
| 650 | 0 | 4 | _aالاسلام - نظام الحكم |
| 650 | 0 | 4 | _aخالد محمد خالد |
| 650 | 0 | 4 | _aالاسلام - حركات الاحياء والاصلاح والتجديد |
| 942 |
_2ddc _cBK |
||
| 999 |
_c37770 _d37770 |
||